NHL Hockey Cities Map - Statistics

General Stats
  • This quiz has been taken 40 times
  • The average score is 21 of 29
Answers on the Map
Answers color-coded by a green-red scale on the quiz's map according to % correct below.
 
Answer Stats
Answer % Correct
Devils, Rangers,
Islanders
83%
Stars
83%
Canucks
79%
Ducks, Kings
79%
Golden Knights
79%
Red Wings
79%
Senators
79%
Jets
76%
Lightning
76%
Panthers
76%
Wild
76%
Bruins
72%
Flames
72%
Hurricanes
72%
Kraken
72%
Oilers
72%
Sabres
72%
Sharks
72%
Blackhawks
69%
Blue Jackets
69%
Canadiens
69%
Hockey Club
69%
Maple Leafs
69%
Penguins
69%
Predators
69%
Avalanche
66%
Blues
66%
Capitals
66%
Flyers
66%
No matching quizzes found
Score Distribution
Percent of People with Each Score
Percentile by Number Answered
Your Score History
You have not taken this quiz